| 000 | 00560nam a2200193 4500 | ||
|---|---|---|---|
| 003 | OSt | ||
| 008 | 241005b |||||||| |||| 00| 0 eng d | ||
| 020 | _a9789394753617 | ||
| 041 | _amal | ||
| 082 |
_a305.3 _bTHA/SA |
||
| 245 |
_aSamalokam : _bgendarinekkurichoru padapusthakam / |
||
| 260 |
_aThiruvananthapuram : _bChintha Publishers, _c2023. |
||
| 300 | _a216p. | ||
| 650 |
_aGender studies _96307 |
||
| 700 |
_aTharu, Susie - editor. _96308 |
||
| 700 |
_aSuneetha, A - editor. _96309 |
||
| 700 |
_aBhrugubanda, Uma Maheswari - editor. _96310 |
||
| 942 | _cBK | ||
| 999 |
_c18130 _d18130 |
||